[Event "BL 1819 Düsseldorfer SK - USV TU Dresd"]
[Site "?"]
[Date "2019.02.02"]
[Round "7.4"]
[White "Vaisser, Anatoli"]
[Black "Neef, Maximilian"]
[Result "1/2-1/2"]
[WhiteElo "2490"]
[BlackElo "2479"]
[PlyCount "43"]
[EventDate "2019.??.??"]

1. d4 Nf6 2. c4 g6 3. Nc3 Bg7 4. e4 d6 5. f4 O-O 6. Nf3 Na6 7. Bd3 e5 8. fxe5
dxe5 9. d5 Ne8 10. Bg5 f6 11. Bh4 c5 12. O-O Nd6 13. a3 Qe7 14. b4 Bd7 15. Rb1
Rac8 16. b5 Nc7 17. b6 axb6 18. Rxb6 Na8 19. Rb1 Nc7 20. Rb6 Na8 21. Rb1 Nc7
22. Rb6 1/2-1/2

[Event "BL 1819 Düsseldorfer SK - USV TU Dresd"]
[Site "?"]
[Date "2019.02.02"]
[Round "7.5"]
[White "Boensch, Uwe"]
[Black "Berelowitsch, Alexander"]
[Result "1-0"]
[WhiteElo "2541"]
[BlackElo "2525"]
[PlyCount "63"]
[EventDate "2019.??.??"]

1. d4 Nf6 2. c4 e6 3. Nc3 c5 4. d5 exd5 5. cxd5 d6 6. e4 g6 7. Bd3 Bg7 8. h3
O-O 9. Nf3 b5 10. O-O c4 11. Bc2 b4 12. Nb5 Re8 13. Re1 Qb6 14. a4 bxa3 15.
Nxa3 Ba6 16. Be3 Qc7 17. Nb1 Nxe4 18. Bxe4 Rxe4 19. Nc3 Re7 20. Bg5 Rxe1+ 21.
Qxe1 Bb7 22. Qe8+ Bf8 23. Ne4 Qc8 24. Nf6+ Kg7 25. Qxc8 Bxc8 26. Ne8+ Kg8 27.
Nc7 Bb7 28. Nd2 a6 29. Nxc4 Nd7 30. Nxa8 Bxa8 31. Rxa6 Bxd5 32. Nxd6 1-0

[Event "BL 1819 Düsseldorfer SK - USV TU Dresd"]
[Site "?"]
[Date "2019.02.02"]
[Round "7.6"]
[White "Orlov, Andrey"]
[Black "Maiwald, Jens-Uwe"]
[Result "1/2-1/2"]
[WhiteElo "2499"]
[BlackElo "2430"]
[PlyCount "52"]
[EventDate "2019.??.??"]

1. e4 c5 2. Nf3 e6 3. g3 Nc6 4. Bg2 Nf6 5. d3 d5 6. Qe2 Be7 7. O-O O-O 8. e5
Nd7 9. c4 b5 10. cxd5 exd5 11. Nc3 Nb6 12. Nxb5 a6 13. Na3 Re8 14. Be3 Bg4 15.
h3 Bxf3 16. Qxf3 Nxe5 17. Qd1 Rb8 18. Rc1 c4 19. dxc4 dxc4 20. Qxd8 Rexd8 21.
Bf4 Bf6 22. Rc2 g5 23. Be3 Kg7 24. Rb1 Na4 25. Nxc4 Nxc4 26. Rxc4 Nc3 1/2-1/2

[Event "BL 1819 Düsseldorfer SK - USV TU Dresd"]
[Site "?"]
[Date "2019.02.02"]
[Round "7.7"]
[White "Tischbierek, Raj"]
[Black "De Gleria, Francesco"]
[Result "1-0"]
[WhiteElo "2442"]
[BlackElo "2384"]
[PlyCount "81"]
[EventDate "2019.??.??"]

1. g3 g6 2. Bg2 Bg7 3. d4 d6 4. e4 Nd7 5. Ne2 e5 6. O-O Ngf6 7. Nbc3 O-O 8. h3
c6 9. a4 Re8 10. Be3 Qc7 11. f4 Nb6 12. b3 exd4 13. Bxd4 a5 14. g4 Bd7 15. f5
g5 16. Qd2 h6 17. Rad1 Rad8 18. Bf2 Nc8 19. Bf3 Nh7 20. Kg2 Be5 21. h4 d5 22.
exd5 Nd6 23. Bg3 c5 24. hxg5 hxg5 25. Rh1 f6 26. Rh6 Re7 27. Rdh1 Bxg3 28. Nxg3
Rde8 29. Rg6+ Kf8 30. Rxh7 Rxh7 31. Rxf6+ Rf7 32. Rh6 Rg7 33. Nh5 Nf7 34. Rf6
Qe5 35. Nxg7 Qxf6 36. Nxe8 Bxe8 37. Ne4 Qe7 38. d6 Qd7 39. Nxc5 Qxd6 40. Qxd6+
Nxd6 41. Nxb7 1-0

[Event "BL 1819 Düsseldorfer SK - USV TU Dresd"]
[Site "?"]
[Date "2019.02.02"]
[Round "7.8"]
[White "Agrest, Inna"]
[Black "Loxine, Jakov"]
[Result "0-1"]
[WhiteElo "2275"]
[BlackElo "2398"]
[PlyCount "96"]
[EventDate "2019.??.??"]

1. e4 c5 2. Nf3 g6 3. d4 cxd4 4. Nxd4 Nc6 5. Nc3 Bg7 6. Be3 Nf6 7. Bc4 O-O 8.
Bb3 Re8 9. f3 e6 10. f4 d6 11. Ndb5 Bf8 12. Qf3 a6 13. Na3 d5 14. e5 Nd7 15.
Rd1 Qa5 16. Nab1 Bc5 17. Bxc5 Qxc5 18. h4 h5 19. Qf2 Qxf2+ 20. Kxf2 Nc5 21. Nd2
b5 22. g4 hxg4 23. Rdg1 Kg7 24. h5 Rh8 25. hxg6 Rxh1 26. Rxh1 fxg6 27. Rh4 Bd7
28. Rxg4 Nd4 29. Nf3 Nxf3 30. Kxf3 a5 31. f5 exf5 32. Rd4 Re8 33. Bxd5 Rxe5 34.
Kf2 b4 35. Nd1 f4 36. b3 g5 37. c4 Kf6 38. Nb2 Bg4 39. Rd2 Bh5 40. Bc6 g4 41.
Na4 Nxa4 42. Bxa4 g3+ 43. Kg2 Re2+ 44. Rxe2 Bxe2 45. Bd7 Ke5 46. Bc6 Kd4 47.
Bf3 Bd3 48. Kg1 Bb1 0-1

[Event "BL 1819 SG Solingen - SF Berlin"]
[Site "?"]
[Date "2019.02.02"]
[Round "7.2"]
[White "Ragger, Markus"]
[Black "Moranda, Wojciech"]
[Result "1/2-1/2"]
[WhiteElo "2687"]
[BlackElo "2593"]
[PlyCount "92"]
[EventDate "2019.??.??"]

1. e4 c6 2. Nf3 d5 3. Nc3 Nf6 4. e5 Ne4 5. Ne2 Qb6 6. d4 e6 7. Nfg1 f6 8. f3
Ng5 9. exf6 gxf6 10. f4 Nf7 11. Nf3 e5 12. fxe5 fxe5 13. Ng3 Be6 14. dxe5 Bc5
15. Nh5 Bf2+ 16. Ke2 Kd8 17. Ng7 Bg4 18. Qd2 Nd7 19. h3 Bxf3+ 20. gxf3 Rg8 21.
Nf5 Ndxe5 22. Kd1 Kd7 23. f4 Ng6 24. a4 Bc5 25. Bd3 Rae8 26. a5 Qc7 27. Rf1 Kc8
28. b4 Bd6 29. Qf2 a6 30. c3 Qd7 31. Bd2 Ne7 32. Nxe7+ Bxe7 33. Kc2 Nd6 34.
Rae1 Bf6 35. Qf3 Kb8 36. f5 Kc8 37. Re6 Bd8 38. Rfe1 Rgf8 39. Qh5 Bc7 40. Bf4
Ne4 41. Bh6 c5 42. Bxf8 Rxf8 43. b5 c4 44. Bxe4 dxe4 45. R6xe4 Qd3+ 46. Kb2
Qd2+ 1/2-1/2

[Event "BL 1819 SG Solingen - SF Berlin"]
[Site "?"]
[Date "2019.02.02"]
[Round "7.3"]
[White "Tomczak, Jacek"]
[Black "Van Wely, Loek"]
[Result "1-0"]
[WhiteElo "2631"]
[BlackElo "2622"]
[PlyCount "79"]
[EventDate "2019.??.??"]

1. e4 c5 2. Nf3 d6 3. d4 cxd4 4. Nxd4 Nf6 5. Nc3 a6 6. Bg5 e6 7. f4 Qb6 8. Nb3
Nbd7 9. Qd2 Qc7 10. Bd3 b5 11. a3 Bb7 12. O-O-O Be7 13. Rhg1 h6 14. Bh4 Rc8 15.
Kb1 Nb6 16. Bxf6 Bxf6 17. Bxb5+ Ke7 18. e5 dxe5 19. Ne4 Nd5 20. c4 axb5 21.
cxd5 Qc4 22. d6+ Kd7 23. Nxf6+ gxf6 24. Na5 Qe4+ 25. Ka1 Rc2 26. Nxb7 Rhc8 27.
Qb4 Qxb7 28. fxe5 R8c4 29. Qb3 Qc6 30. Qe3 Qa8 31. Rc1 fxe5 32. Rxc2 Rxc2 33.
Qxe5 Qc6 34. Qf4 f5 35. Rd1 Qxg2 36. Qxh6 Qg8 37. Qf6 Qd8 38. Qf7+ Kc6 39. d7
Kc7 40. Qxe6 1-0

[Event "BL 1819 SG Solingen - SF Berlin"]
[Site "?"]
[Date "2019.02.02"]
[Round "7.4"]
[White "L'Ami, Erwin"]
[Black "Sprenger, Jan Michael"]
[Result "1-0"]
[WhiteElo "2643"]
[BlackElo "2498"]
[PlyCount "193"]
[EventDate "2019.??.??"]

1. d4 Nf6 2. c4 e6 3. Nf3 b6 4. g3 Ba6 5. b3 Bb4+ 6. Bd2 Be7 7. Bg2 c6 8. Bc3
d5 9. O-O O-O 10. Nbd2 Nbd7 11. Re1 c5 12. e4 Nxe4 13. Nxe4 dxe4 14. Rxe4 Bb7
15. Re2 Bf6 16. Rd2 Qe7 17. Qe2 Rad8 18. Rad1 h6 19. h4 cxd4 20. Nxd4 Nc5 21.
Bf3 a6 22. Kg2 Qc7 23. Qe3 Rc8 24. Ne2 Bxc3 25. Nxc3 Bxf3+ 26. Qxf3 Rfd8 27.
Ne4 Rxd2 28. Rxd2 Nxe4 29. Qxe4 a5 30. Rd4 Rd8 31. Rxd8+ Qxd8 32. Qc6 g5 33.
hxg5 hxg5 34. a3 Qd3 35. Qxb6 Qe4+ 36. Kf1 Qd3+ 37. Ke1 a4 38. bxa4 Qc3+ 39.
Kd1 Qd3+ 40. Kc1 Qxc4+ 41. Kb2 Qxa4 42. Qb4 Qa7 43. Qd2 g4 44. Qf4 f5 45. a4
Kf7 46. Kc3 Qc5+ 47. Kd3 Kg6 48. Qd4 Qc6 49. Qa7 Qe4+ 50. Kc3 Qe1+ 51. Kc4 Qe2+
52. Kb3 e5 53. Qb6+ Kh5 54. a5 f4 55. a6 fxg3 56. fxg3 Qd3+ 57. Ka4 Qxg3 58. a7
Qf3 59. Qb8 Qd1+ 60. Kb5 Qb1+ 61. Kc6 Qc2+ 62. Kd7 Qh7+ 63. Kd8 Qd3+ 64. Ke7
Qh7+ 65. Kd6 Qh6+ 66. Kc5 Qe3+ 67. Kb4 Qd2+ 68. Kb5 Qd3+ 69. Ka5 Qa3+ 70. Kb6
Qb3+ 71. Kc5 Qe3+ 72. Kb5 Qd3+ 73. Kb6 Qb3+ 74. Kc7 Qc2+ 75. Kd8 Qd3+ 76. Ke7
Qh7+ 77. Kf6 Qh6+ 78. Kf5 Qf4+ 79. Ke6 Qh6+ 80. Kxe5 Qe3+ 81. Kf5 Qd3+ 82. Kf6
Qf3+ 83. Ke6 Qc6+ 84. Qd6 Qe8+ 85. Qe7 Qc6+ 86. Ke5 Qc3+ 87. Kd5 Qb3+ 88. Kc6
Qa4+ 89. Kb6 Qb3+ 90. Ka5 Qa2+ 91. Kb5 Qb3+ 92. Qb4 Qd3+ 93. Qc4 Qd7+ 94. Kb6
Qd8+ 95. Qc7 Qf6+ 96. Qc6 Qd8+ 97. Ka6 1-0

[Event "BL 1819 SG Solingen - SF Berlin"]
[Site "?"]
[Date "2019.02.02"]
[Round "7.5"]
[White "Schreiner, Peter"]
[Black "Predojevic, Borki"]
[Result "0-1"]
[WhiteElo "2482"]
[BlackElo "2616"]
[PlyCount "82"]
[EventDate "2019.??.??"]

1. Nf3 d6 2. e4 c5 3. c3 Nf6 4. Be2 Nbd7 5. d3 e6 6. Nbd2 b6 7. a4 Bb7 8. a5
Be7 9. O-O O-O 10. Nc4 b5 11. e5 dxe5 12. Ncxe5 a6 13. Bf4 Nxe5 14. Nxe5 Bd6
15. Bf3 Qc7 16. Bxb7 Qxb7 17. Qe2 Rad8 18. Bg3 Nd5 19. Rfe1 Ne7 20. Nf3 Nf5 21.
Ng5 Be7 22. Nf3 Nxg3 23. hxg3 Bf6 24. Nd2 Rd5 25. c4 bxc4 26. Nxc4 Rfd8 27. Ra3
Bd4 28. g4 g6 29. Qe4 Qb4 30. Re2 Kg7 31. g3 h5 32. Kg2 hxg4 33. Ra1 Bf6 34.
Nb6 Rxd3 35. Qb7 Rd2 36. Rae1 Qxb2 37. Qxa6 Qc3 38. Qb7 Qb2 39. Qe4 R8d4 40.
Qe3 Rxe2 41. Rxe2 Qa1 0-1

[Event "BL 1819 SG Solingen - SF Berlin"]
[Site "?"]
[Date "2019.02.02"]
[Round "7.6"]
[White "Andersen, Mads"]
[Black "Baldauf, Marco"]
[Result "1/2-1/2"]
[WhiteElo "2611"]
[BlackElo "2485"]
[PlyCount "100"]
[EventDate "2019.??.??"]

1. Nf3 Nf6 2. c4 c5 3. Nc3 e6 4. g3 b6 5. Bg2 Bb7 6. O-O Be7 7. d4 cxd4 8. Qxd4
O-O 9. Rd1 d6 10. Bg5 Nc6 11. Qf4 Qb8 12. Rd2 Ne5 13. Nxe5 dxe5 14. Qh4 Bxg2
15. Kxg2 Qb7+ 16. Kg1 Rfd8 17. Rad1 Rxd2 18. Rxd2 Rc8 19. b3 a6 20. a4 h6 21.
Bxf6 Bxf6 22. Qe4 Qxe4 23. Nxe4 Be7 24. Rd7 Kf8 25. Rb7 f5 26. Nd2 Rc6 27. Nf3
Bf6 28. Nh4 Ke8 29. Ng6 Rd6 30. e3 Kd8 31. Ra7 a5 32. c5 bxc5 33. Rxa5 Rc6 34.
Kf1 Ke8 35. Rb5 c4 36. bxc4 Rxc4 37. a5 e4 38. a6 Ra4 39. Rb6 e5 40. h4 h5 41.
Rb8+ Kf7 42. Nh8+ Ke6 43. Ra8 f4 44. a7 Kf5 45. Nf7 fxe3 46. Nd6+ Kg4 47. Nxe4
Kf3 48. Ng5+ Kg4 49. Ne4 Kf3 50. Ng5+ Kg4 1/2-1/2

[Event "BL 1819 SG Solingen - SF Berlin"]
[Site "?"]
[Date "2019.02.02"]
[Round "7.7"]
[White "Abel, Dennes"]
[Black "Smeets, Jan"]
[Result "1/2-1/2"]
[WhiteElo "2458"]
[BlackElo "2592"]
[PlyCount "41"]
[EventDate "2019.??.??"]

1. d4 d5 2. c4 c6 3. Nf3 Nf6 4. e3 Bg4 5. h3 Bh5 6. g4 Bg6 7. Ne5 Bxb1 8. Rxb1
e6 9. Bg2 Qa5+ 10. Bd2 Bb4 11. Bxb4 Qxb4+ 12. Qd2 Qe7 13. O-O Nbd7 14. Nxd7
Nxd7 15. f4 dxc4 16. Rfc1 g5 17. Rxc4 h5 18. Rf1 hxg4 19. hxg4 Rh4 20. Qe2 Kf8
21. Qf3 1/2-1/2

[Event "BL 1819 SG Solingen - SF Berlin"]
[Site "?"]
[Date "2019.02.02"]
[Round "7.8"]
[White "Nikolic, Predrag"]
[Black "Blohberger, Felix"]
[Result "1/2-1/2"]
[WhiteElo "2576"]
[BlackElo "2450"]
[PlyCount "198"]
[EventDate "2019.??.??"]

1. d4 Nf6 2. Nf3 d5 3. c4 e6 4. Nc3 Bb4 5. Qa4+ Nc6 6. e3 O-O 7. Bd2 dxc4 8.
Bxc4 Bd6 9. Be2 e5 10. d5 Ne7 11. e4 Ng6 12. O-O a6 13. Qb3 h6 14. Rfe1 Qe7 15.
Rad1 Bd7 16. a3 b5 17. h3 c5 18. dxc6 Bxc6 19. Bd3 Rfd8 20. Bb1 Bc5 21. Be3
Bxe3 22. Rxe3 Rxd1+ 23. Qxd1 Rd8 24. Rd3 Rxd3 25. Qxd3 a5 26. Nd2 Nf4 27. Qc2
Qd6 28. Kh2 b4 29. axb4 axb4 30. Nd1 Ba4 31. b3 Bb5 32. Ne3 g6 33. Nf3 Ne2 34.
Nc4 Bxc4 35. Qxc4 Nc3 36. Bc2 Kg7 37. g3 Nd7 38. Kg2 Nf8 39. Qd3 Qxd3 40. Bxd3
Nd7 41. Ne1 Nc5 42. Bc4 N3xe4 43. Nc2 Nd2 44. Nxb4 Ndxb3 45. Nc6 f6 46. h4 Nd4
47. Ne7 f5 48. f3 Nb7 49. Kf2 Nd6 50. Ba2 f4 51. gxf4 exf4 52. Bb1 g5 53. hxg5
hxg5 54. Bd3 Kf6 55. Ng8+ Kg7 56. Ne7 Kf7 57. Nd5 Ke6 58. Nc3 Ke5 59. Ba6 Nb3
60. Bf1 Nc5 61. Be2 Kd4 62. Nb5+ Nxb5 63. Bxb5 Kc3 64. Ke2 Ne6 65. Ba6 Nd4+ 66.
Kf2 Kd2 67. Bb7 Nc2 68. Kg2 Ke2 69. Kh3 Ne3 70. Ba8 Kf2 71. Bb7 Ke2 72. Ba8 Kd3
73. Be4+ Kd4 74. Bb7 Ke5 75. Ba6 Kf6 76. Bd3 Nd1 77. Bc2 Ne3 78. Bd3 Kg7 79.
Ba6 Kg6 80. Bb5 Kh6 81. Ba6 Kh5 82. Bb5 Nd5 83. Be8+ Kh6 84. Bc6 Nf6 85. Bb5
Kg6 86. Bd3+ Kf7 87. Bc4+ Ke7 88. Bb5 Kd6 89. Ba6 Kc5 90. Bb7 Kd4 91. Ba8 Ke3
92. Bb7 Nd7 93. Kg4 Ne5+ 94. Kxg5 Nxf3+ 95. Kg4 Nd2 96. Kf5 Nc4 97. Bd5 Nd2 98.
Bb7 f3 99. Bxf3 Nxf3 1/2-1/2

[Event "BL 1819 SV Hockenheim - SG Turm Kiel"]
[Site "?"]
[Date "2019.02.03"]
[Round "8.1"]
[White "Salgado Lopez, Ivan"]
[Black "Cheparinov, Ivan"]
[Result "1/2-1/2"]
[WhiteElo "2629"]
[BlackElo "2691"]
[PlyCount "60"]
[EventDate "2019.??.??"]

1. e4 c5 2. Nf3 d6 3. d4 cxd4 4. Nxd4 Nf6 5. Nc3 a6 6. Be2 e5 7. Nb3 Be7 8. O-O
O-O 9. Be3 Be6 10. Qd2 Nbd7 11. a4 Nb6 12. a5 Nc4 13. Bxc4 Bxc4 14. Rfd1 Rc8
15. Bb6 Qe8 16. Nc1 d5 17. exd5 Bb4 18. d6 Qd7 19. Nd3 Bxd6 20. Nxe5 Bxe5 21.
Qxd7 Nxd7 22. Rxd7 Bxc3 23. bxc3 Bb5 24. Rxb7 Rxc3 25. h3 Rxc2 26. Rb1 Bc6 27.
Rc7 f6 28. Re1 Rf7 29. Rc8+ Rf8 30. Rc7 Rf7 1/2-1/2

[Event "BL 1819 SV Hockenheim - SG Turm Kiel"]
[Site "?"]
[Date "2019.02.03"]
[Round "8.2"]
[White "Saric, Ivan"]
[Black "Dziuba, Marcin"]
[Result "1-0"]
[WhiteElo "2690"]
[BlackElo "2563"]
[PlyCount "91"]
[EventDate "2019.??.??"]

1. e4 c6 2. d4 d5 3. e5 Bf5 4. Nf3 e6 5. Be2 c5 6. Be3 Qb6 7. Nc3 Nc6 8. O-O
Qxb2 9. Qe1 cxd4 10. Bxd4 Nxd4 11. Nxd4 Bb4 12. Ndb5 Ba5 13. Rb1 Qxc2 14. Rc1
Qb2 15. Nd6+ Kf8 16. Nxf5 exf5 17. Na4 Bxe1 18. Nxb2 Bd2 19. Rc7 Ne7 20. Rd1
Ba5 21. Rxb7 h5 22. Na4 Rh6 23. Rdb1 Rc6 24. Bxh5 g5 25. g3 Bc7 26. Re1 g4 27.
f3 gxf3 28. Bxf3 Rd8 29. Kf1 Ng6 30. Bh5 Kg7 31. Nb2 Rh8 32. Bxg6 Kxg6 33. Re2
f4 34. Nd3 fxg3 35. hxg3 Rh1+ 36. Kg2 Rd1 37. Nf4+ Kf5 38. Rxa7 d4 39. Nd5 d3
40. Rf2+ Kxe5 41. Nxc7 d2 42. Ra5+ Ke4 43. Rf4+ Kd3 44. Rd5+ Kc2 45. Nb5 Kc1
46. Nd4 1-0

[Event "BL 1819 SV Hockenheim - SG Turm Kiel"]
[Site "?"]
[Date "2019.02.03"]
[Round "8.3"]
[White "Khenkin, Igor"]
[Black "Ponomariov, Ruslan"]
[Result "1/2-1/2"]
[WhiteElo "2543"]
[BlackElo "2664"]
[PlyCount "40"]
[EventDate "2019.??.??"]

1. d4 Nf6 2. c4 e6 3. Nf3 d5 4. Nc3 Be7 5. Bg5 h6 6. Bh4 O-O 7. e3 b6 8. Be2
Bb7 9. Bxf6 Bxf6 10. cxd5 exd5 11. b4 c5 12. bxc5 bxc5 13. Rb1 Bc6 14. O-O Nd7
15. Bb5 Qc7 16. Qd3 Rfd8 17. Bxc6 Qxc6 18. Qb5 Qxb5 19. Nxb5 cxd4 20. Nfxd4
Rdc8 1/2-1/2

[Event "BL 1819 SV Hockenheim - SG Turm Kiel"]
[Site "?"]
[Date "2019.02.03"]
[Round "8.4"]
[White "Moiseenko, Alexander"]
[Black "Jakubiec, Artur"]
[Result "1-0"]
[WhiteElo "2640"]
[BlackElo "2496"]
[PlyCount "57"]
[EventDate "2019.??.??"]

1. d4 Nf6 2. c4 g6 3. Nc3 Bg7 4. e4 O-O 5. Bd3 d6 6. Nge2 e5 7. d5 Nh5 8. O-O
Nd7 9. Be3 f5 10. exf5 gxf5 11. Ng3 Nxg3 12. fxg3 e4 13. Be2 Ne5 14. Qd2 Bd7
15. Rf2 Qe8 16. Raf1 Qg6 17. Nb5 Bxb5 18. cxb5 Ng4 19. Bxg4 fxg4 20. Qc2 Rxf2
21. Rxf2 Qh5 22. Qxc7 Qxd5 23. Rd2 Qxa2 24. Qxd6 Qb1+ 25. Rd1 Qc2 26. Qe6+ Kh8
27. Rc1 Qd3 28. Rc8+ Bf8 29. Qf6+ 1-0

[Event "BL 1819 SV Hockenheim - SG Turm Kiel"]
[Site "?"]
[Date "2019.02.03"]
[Round "8.5"]
[White "Hector, Jonny"]
[Black "Braun, Arik"]
[Result "0-1"]
[WhiteElo "2492"]
[BlackElo "2598"]
[PlyCount "90"]
[EventDate "2019.??.??"]

1. e4 c6 2. d4 d5 3. e5 Bf5 4. h4 Qb6 5. Ne2 h5 6. c4 e6 7. c5 Qc7 8. Nbc3 b6
9. b4 a5 10. cxb6 Qxb6 11. bxa5 Rxa5 12. g3 c5 13. Be3 Nc6 14. Bg2 c4 15. O-O
Bb4 16. a4 Nge7 17. Nb5 Bd3 18. Bh3 Na7 19. Bd2 Nxb5 20. Bxb4 Nxd4 21. Bxa5
Nxe2+ 22. Qxe2 Qxa5 23. Qb2 Bxf1 24. Qb8+ Qd8 25. Qb5+ Qd7 26. Qb8+ Qc8 27.
Qb5+ Qc6 28. Qb8+ Kd7 29. Qxh8 Bxh3 30. Kh2 Bf5 31. a5 c3 32. Qb8 Nc8 33. Qb4
c2 34. Qa3 Qa6 35. Kg1 Be4 36. f3 Bd3 37. Kg2 Bg6 38. Kf2 Ke8 39. Ke1 Ne7 40.
Kd2 Nc6 41. f4 Qa7 42. Qc3 Qf2+ 43. Kc1 Qf1+ 44. Kd2 Qg2+ 45. Kc1 d4 0-1

[Event "BL 1819 SV Hockenheim - SG Turm Kiel"]
[Site "?"]
[Date "2019.02.03"]
[Round "8.6"]
[White "Baramidze, David"]
[Black "Pakleza, Zbigniew"]
[Result "1-0"]
[WhiteElo "2600"]
[BlackElo "2505"]
[PlyCount "51"]
[EventDate "2019.??.??"]

1. e4 d5 2. exd5 Nf6 3. d4 Nxd5 4. Nf3 Bg4 5. c4 Nb6 6. c5 N6d7 7. Be2 e6 8.
Qb3 b6 9. O-O Be7 10. Rd1 O-O 11. Nc3 c6 12. Bf4 Nf6 13. Rac1 b5 14. a4 a6 15.
Qa3 Nd5 16. Nxd5 Qxd5 17. h3 Bf5 18. axb5 cxb5 19. Qe3 Nc6 20. Ne5 Be4 21. f3
Bg6 22. Nxc6 Qxc6 23. d5 exd5 24. Qxe7 Rfe8 25. Qd6 Qxd6 26. cxd6 1-0

[Event "BL 1819 SV Hockenheim - SG Turm Kiel"]
[Site "?"]
[Date "2019.02.03"]
[Round "8.7"]
[White "Hoi, Carsten"]
[Black "Buhmann, Rainer"]
[Result "1/2-1/2"]
[WhiteElo "2374"]
[BlackElo "2574"]
[PlyCount "59"]
[EventDate "2019.??.??"]

1. d4 d5 2. c4 e6 3. Nc3 c6 4. e3 Nf6 5. Nf3 Nbd7 6. Bd3 dxc4 7. Bxc4 b5 8. Bd3
a6 9. e4 c5 10. d5 c4 11. Bc2 e5 12. O-O Bd6 13. Bg5 h6 14. Be3 O-O 15. h3 Re8
16. Nh4 Nc5 17. Qf3 b4 18. Na4 Nfxe4 19. Nf5 Ng5 20. Bxg5 hxg5 21. Nxd6 Qxd6
22. Nxc5 Qxc5 23. d6 Bd7 24. Rad1 Rad8 25. Rd5 Qc6 26. Rfd1 c3 27. Qh5 e4 28.
Rxg5 cxb2 29. Rxg7+ Kxg7 30. Qg5+ 1/2-1/2

[Event "BL 1819 SV Hockenheim - SG Turm Kiel"]
[Site "?"]
[Date "2019.02.03"]
[Round "8.8"]
[White "Wagner, Dennis"]
[Black "Olsen, Filip Boe"]
[Result "1-0"]
[WhiteElo "2579"]
[BlackElo "2359"]
[PlyCount "93"]
[EventDate "2019.??.??"]

1. c4 e6 2. g3 Nf6 3. Bg2 d5 4. Nf3 dxc4 5. Qa4+ Bd7 6. Qxc4 c5 7. Ne5 Qc8 8.
Qd3 Nc6 9. Nxd7 Nxd7 10. b3 Be7 11. Bb2 O-O 12. O-O Rd8 13. Qc2 Nd4 14. Qd1 Nf6
15. Nc3 Qd7 16. d3 Rac8 17. Qd2 b6 18. Rfd1 a5 19. Rac1 Nd5 20. e3 Nc6 21. Qe2
Ncb4 22. Nxd5 exd5 23. a3 Nc6 24. d4 cxd4 25. exd4 Bg5 26. Rc2 Ne7 27. Rxc8
Rxc8 28. Qh5 h6 29. Bh3 f5 30. a4 Qd6 31. Qe2 Rc6 32. Re1 Qb4 33. Qd1 Kf7 34.
Bf1 Qd2 35. Qb1 Qb4 36. Bb5 Rc7 37. h4 Bf6 38. Qd1 Nc6 39. Re3 g6 40. h5 g5 41.
Qc2 Qd6 42. Qxf5 Ne7 43. Qh7+ Kf8 44. Qxh6+ Kf7 45. Rf3 Qe6 46. Qh7+ Kf8 47.
Ba3 1-0

[Event "BL 1819 SC Viernheim - Hamburger SK"]
[Site "?"]
[Date "2019.02.03"]
[Round "8.1"]
[White "Grandelius, Nils"]
[Black "Malakhov, Vladimir"]
[Result "1/2-1/2"]
[WhiteElo "2682"]
[BlackElo "2661"]
[PlyCount "102"]
[EventDate "2019.??.??"]

1. e4 e5 2. Nf3 Nc6 3. Bb5 Nf6 4. O-O Nxe4 5. d4 Nd6 6. dxe5 Nxb5 7. a4 Nbd4 8.
Nxd4 Nxd4 9. Qxd4 d5 10. exd6 Qxd6 11. Qe3+ Be7 12. Nc3 c6 13. Re1 Be6 14. Ne4
Qe5 15. Ng5 Qxe3 16. Bxe3 Bxg5 17. Bxg5 O-O 18. a5 Rfe8 19. h3 Bf5 20. c3 Rxe1+
21. Rxe1 f6 22. Be3 Kf7 23. Bc5 Re8 24. Rxe8 Kxe8 25. Bxa7 Bd3 26. f3 Kd7 27.
Kf2 Ke6 28. Bc5 g6 29. Be3 Kd5 30. Bd4 f5 31. Ke3 Bf1 32. Kf2 Bd3 33. g3 c5 34.
Bg7 c4 35. Bh6 Bc2 36. Ke3 Bd1 37. Kf4 Ke6 38. g4 Bc2 39. Kg5 Kf7 40. Kf4 Ke6
41. Bg7 Bb1 42. Kg5 Kf7 43. Bd4 Bc2 44. Bf2 Bb1 45. Kh6 Kg8 46. gxf5 Bxf5 47.
h4 Bc2 48. h5 Bd1 49. hxg6 hxg6 50. Kxg6 Bxf3 51. Kf6 Kf8 1/2-1/2

[Event "BL 1819 SC Viernheim - Hamburger SK"]
[Site "?"]
[Date "2019.02.03"]
[Round "8.2"]
[White "Kryvoruchko, Yuriy"]
[Black "Svane, Rasmus"]
[Result "1/2-1/2"]
[WhiteElo "2683"]
[BlackElo "2594"]
[PlyCount "78"]
[EventDate "2019.??.??"]

1. e4 e6 2. d4 d5 3. Nc3 Nf6 4. e5 Nfd7 5. f4 c5 6. Nf3 Nc6 7. Be3 a6 8. a3 b5
9. Ne2 b4 10. axb4 Nxb4 11. c3 Nc6 12. g3 Rb8 13. Rb1 Be7 14. Bg2 a5 15. O-O
O-O 16. g4 Ba6 17. Rf2 Qb6 18. Qd2 a4 19. f5 a3 20. f6 Bxf6 21. exf6 Nxf6 22.
b3 Ne4 23. Qc2 a2 24. Ra1 Nxf2 25. Kxf2 Qxb3 26. Rxa2 Qxc2 27. Rxc2 cxd4 28.
Nexd4 Nxd4 29. Bxd4 Bd3 30. Rd2 Be4 31. g5 Rb1 32. Ne5 Bxg2 33. Kxg2 Rfb8 34.
Ng4 R1b2 35. Rxb2 Rxb2+ 36. Kg3 Rd2 37. h4 Rd3+ 38. Kg2 Rd2+ 39. Kg3 Rd3+
1/2-1/2

[Event "BL 1819 SC Viernheim - Hamburger SK"]
[Site "?"]
[Date "2019.02.03"]
[Round "8.3"]
[White "Huschenbeth, Niclas"]
[Black "Anton Guijarro, David"]
[Result "1-0"]
[WhiteElo "2585"]
[BlackElo "2642"]
[PlyCount "103"]
[EventDate "2019.??.??"]

1. e4 e5 2. Nf3 Nc6 3. d4 exd4 4. Nxd4 Nf6 5. Nxc6 bxc6 6. e5 Qe7 7. Qe2 Nd5 8.
c4 Ba6 9. Nd2 g6 10. Nf3 Qb4+ 11. Kd1 Ne7 12. Bg5 Bg7 13. Qd2 c5 14. Qxb4 cxb4
15. Bd3 h6 16. Bxe7 Kxe7 17. Re1 Rhe8 18. Kc2 Rab8 19. Re3 c5 20. Rae1 Kd8 21.
Nd2 Bb7 22. g3 Kc7 23. f4 Bc6 24. Be4 d6 25. Bd5 Bxd5 26. cxd5 dxe5 27. fxe5
Rbd8 28. d6+ Kc6 29. Nc4 Re6 30. Rf1 Rd7 31. Kb3 h5 32. Ka4 a6 33. Ka5 Ra7 34.
Rd1 Re8 35. Red3 Rd7 36. Rd5 Rb8 37. Ka4 Rb5 38. Na5+ Kb6 39. Nc4+ Kc6 40. R5d3
Rb8 41. Na5+ Kb6 42. Rd5 Rc8 43. Rc1 Bf8 44. Nb3 c4 45. Kxb4 f6 46. Rxc4 Rxc4+
47. Kxc4 fxe5 48. Nc5 Rd8 49. Ne6 Rc8+ 50. Kd3 e4+ 51. Kd4 e3 52. d7 1-0

[Event "BL 1819 SC Viernheim - Hamburger SK"]
[Site "?"]
[Date "2019.02.03"]
[Round "8.4"]
[White "Fedorchuk, Sergey A"]
[Black "Miton, Kamil"]
[Result "1/2-1/2"]
[WhiteElo "2606"]
[BlackElo "2589"]
[PlyCount "42"]
[EventDate "2019.??.??"]

1. e4 e5 2. Bc4 Nf6 3. d3 c6 4. Nf3 d5 5. Bb3 Qc7 6. O-O a5 7. a4 dxe4 8. Ng5
Bg4 9. Qe1 Bh5 10. Nxe4 Nxe4 11. dxe4 Nd7 12. f3 Bc5+ 13. Kh1 O-O 14. Nd2 Kh8
15. Nc4 f6 16. Bd2 b6 17. Ne3 Rfd8 18. Qe2 Nf8 19. Rfd1 Bf7 20. Bxf7 Qxf7 21.
Nc4 Ne6 1/2-1/2

[Event "BL 1819 SC Viernheim - Hamburger SK"]
[Site "?"]
[Date "2019.02.03"]
[Round "8.5"]
[White "Lampert, Jonas"]
[Black "Kovalenko, Igor"]
[Result "0-1"]
[WhiteElo "2544"]
[BlackElo "2663"]
[PlyCount "120"]
[EventDate "2019.??.??"]

1. e4 c5 2. Nf3 Nc6 3. d4 cxd4 4. Nxd4 Nf6 5. Nc3 e6 6. Ndb5 d6 7. Bf4 e5 8.
Bg5 a6 9. Na3 Be6 10. Nc4 Rb8 11. Be2 Nd4 12. O-O Be7 13. Bxf6 Bxf6 14. Ne3 O-O
15. Ncd5 Bg5 16. c3 Nxe2+ 17. Qxe2 Kh8 18. Rad1 Qa5 19. a3 g6 20. Kh1 Rbe8 21.
Qd3 Qc5 22. b4 Qc6 23. c4 Rc8 24. Qc3 Kg8 25. f4 exf4 26. Rxf4 Bxd5 27. exd5
Qa4 28. Rff1 Bxe3 29. Qxe3 Rxc4 30. Qb6 Qd7 31. Rf6 Rd8 32. Rdf1 Qc7 33. Qe3
Rd7 34. h3 Kg7 35. R6f3 Qd8 36. Qe2 b5 37. Qb2+ Kg8 38. Qf2 Qe8 39. Qb6 Qa8 40.
Re3 Kg7 41. Rd1 h5 42. Re2 h4 43. Rd4 Qd8 44. Qxd8 Rxd8 45. Rxc4 bxc4 46. Kg1
c3 47. Kf2 Rc8 48. Rc2 Kf6 49. Ke3 Ke5 50. Kd3 Kxd5 51. Rxc3 Rxc3+ 52. Kxc3 g5
53. Kd3 f5 54. Kc3 Kc6 55. Kc4 f4 56. Kd4 Kb5 57. Ke4 Ka4 58. Kf5 Kxa3 59. Kxg5
Kxb4 60. Kxf4 a5 0-1

[Event "BL 1819 SC Viernheim - Hamburger SK"]
[Site "?"]
[Date "2019.02.03"]
[Round "8.6"]
[White "Abergel, Thal"]
[Black "Rogozenco, Dorian"]
[Result "1-0"]
[WhiteElo "2422"]
[BlackElo "2500"]
[PlyCount "107"]
[EventDate "2019.??.??"]

1. e4 c5 2. Nc3 e6 3. Nf3 Nc6 4. Bb5 Nge7 5. O-O Ng6 6. d4 cxd4 7. Nxd4 Be7 8.
Be3 O-O 9. Qd2 a6 10. Be2 b5 11. f4 Bb7 12. Nb3 d6 13. Rad1 Qc7 14. Bh5 Rac8
15. Qf2 Kh8 16. Bb6 Qb8 17. a3 Qa8 18. Rd3 Nb8 19. Qe2 Nd7 20. Bd4 e5 21. Bxg6
fxg6 22. Bxe5 Nxe5 23. fxe5 dxe5 24. Rd7 Rxf1+ 25. Qxf1 Bf6 26. Qd3 Bc6 27. Rd6
Be7 28. Re6 Qa7+ 29. Kh1 Rd8 30. Nd5 Bxd5 31. exd5 Bf6 32. d6 h6 33. Nd2 Qf2
34. Nf3 e4 35. Rxe4 Bxb2 36. d7 Kh7 37. Ng5+ hxg5 38. Qh3+ Kg8 39. Re8+ Qf8 40.
Qe6+ Kh7 41. Rxf8 Rxf8 42. Qh3+ Kg8 43. g4 Bf6 44. Qb3+ Kh7 45. Qe6 a5 46. Qb6
b4 47. axb4 axb4 48. Qxb4 Ra8 49. Qb7 Ra1+ 50. Kg2 Rd1 51. Qc8 Rd2+ 52. Kg3
Be5+ 53. Kf3 Bf6 54. c4 1-0